• 首页
  • 本馆介绍
  • 公告通知
  • 最新文献
  • 馆藏检索
  • 电子资源
  • 读者导购
  • 参考咨询
  • 我的图书馆
  • 登录
  • 详细信息显示
  • 放入我的书架
  • 预约/预借图书
  • 作者相关作品
  • 分类相关作品
  • 丛书相关作品
  • 出版社相关作品

书目信息

  • 表格格式
  • 工作单格式
  • 卡片格式
题名:
2013-2017年国内外炼油与化工企业典型事故案例
    
 
作者: 张鸿 , 曲天煜 , 马端祝 主编 ;中国石油天然气股份有限公司炼油与化工分公司 , 中国石油集团安全环保技术研究院有限公司 编
分册:  
出版信息: 北京   石油工业出版社  2018.11
页数: 324页
开本: 24cm
丛书名:
单 册:
中图分类: TE687.3
科图分类:
主题词: 石油化工企业--shi you hua gong qi ye--安全事故--案例
电子资源:
ISBN: 978-7-5183-2110-0
000 01347nam0 2200289 450
001 0109110215
005 20201109110338.0
010    @a978-7-5183-2110-0@dCNY150.00
100    @a20190508d2018 em y0chiy50 ea
101 0  @achi
102    @aCN@b110000
105    @aa z 000yy
106    @ar
200 1  @a2013-2017年国内外炼油与化工企业典型事故案例@A2013-2017 nian guo nei wai lian you yu hua gong qi ye dian xing shi gu an li@f中国石油天然气股份有限公司炼油与化工分公司, 中国石油集团安全环保技术研究院有限公司编
210    @a北京@c石油工业出版社@d2018.11
215    @a324页@c图@d24cm
300    @a“十三五”国家重点研发计划课题
330    @a本书收集了2013-2017年国内外发生的炼油与化工企业43起典型生产安全事故案例,着重描述事故装置、事故经过、原因分析和防范措施。
606 0  @a石油化工企业@Ashi you hua gong qi ye@x安全事故@x案例
690    @aTE687.3@v5
701  0 @a张鸿@Azhang hong@4主编
701  0 @a曲天煜@Aqu tian yu@4主编
701  0 @a马端祝@Ama duan zhu@4主编
712 02 @a中国石油天然气股份有限公司炼油与化工分公司@Azhong guo shi you tian ran qi gu fen you xian gong si lian you yu hua gong fen gong si@4编
712 02 @a中国石油集团安全环保技术研究院有限公司@Azhong guo shi you ji tuan an quan huan bao ji shu yan jiu yuan you xian gong si@4编
801  0 @aCN@bBJSZM@c20201103
905    @b1240699-701@dTE687.3@e69@f3
    
    2013-2017年国内外炼油与化工企业典型事故案例/中国石油天然气股份有限公司炼油与化工分公司, 中国石油集团安全环保技术研究院有限公司编.-北京:石油工业出版社,2018.11
    324页:图;24cm
    “十三五”国家重点研发计划课题
    
    ISBN 978-7-5183-2110-0:CNY150.00
    本书收集了2013-2017年国内外发生的炼油与化工企业43起典型生产安全事故案例,着重描述事故装置、事故经过、原因分析和防范措施。
●
相关链接 在E读中查询图书 在五车中查询图书 在当当中查询图书 在豆瓣中查询图书


正题名:2013-2017年国内外炼油与化工企业典型事故案例     索取号:TE687.3/69         预约/预借

序号 登录号 条形码 馆藏地/架位号 状态 备注
1 1240699   212406993   第二样本阅览室/ [索取号:TE687.3/69] 在馆    
2 1240700   212407000   第三借阅区/ [索取号:TE687.3/69] 在馆    
3 1240701   212407019   第三借阅区/ [索取号:TE687.3/69] 在馆    
唐山师范学院图书馆 欢迎您!
大连网信软件有限公司© 版权所有